GENERAL AND APPLIED ENTOMOLOGY (Record no. 289195)

MARC details
000 -LEADER
fixed length control field 00464pam a2200157a 44500
008 - FIXED-LENGTH DATA ELEMENTS--GENERAL INFORMATION
fixed length control field 230405s2010 xxu||||| |||| 00| 0 eng d
041 ## - LANGUAGE CODE
Language code of text/sound track or separate title ENG
100 ## - MAIN ENTRY--PERSONAL NAME
Personal name DAVID B V
245 ## - TITLE STATEMENT
Title GENERAL AND APPLIED ENTOMOLOGY
250 ## - EDITION STATEMENT
Edition statement 2ND ED.2010 . Ed.
260 ## - PUBLICATION, DISTRIBUTION, ETC.
Place of publication, distribution, etc. New Delhi
Name of publisher, distributor, etc. Tata Megraw -Hill Publishing Company
Date of publication, distribution, etc. 2010
300 ## - PHYSICAL DESCRIPTION
Extent 1184p.
440 ## - SERIES STATEMENT/ADDED ENTRY--TITLE
Title BHARATI M. SAHAKARI GRAHAK BHANDAR, PUNE, B-2599, DT-11/10/10
700 ## - ADDED ENTRY--PERSONAL NAME
Personal name ANANTHAKRISHNAN T N
906 ## - LOCAL DATA ELEMENT F, LDF (RLIN)
a 316
Holdings
Withdrawn status Lost status Damaged status Not for loan Collection Home library Current library Date acquired Total Checkouts Barcode Date due Date last seen Date last checked out Price effective from Koha item type
          Loknete Mohanrao Kadam College of Agriculture, Kadegaon, Sangli Loknete Mohanrao Kadam College of Agriculture, Kadegaon, Sangli 06/12/2016 1 AGK-H-813 04/07/2026 04/07/2026 04/07/2026 17/04/2023 Book
          Loknete Mohanrao Kadam College of Agriculture, Kadegaon, Sangli Loknete Mohanrao Kadam College of Agriculture, Kadegaon, Sangli 06/12/2016   AGK-H-812   17/04/2023   17/04/2023 Book